[Event "11th Arad Open 2018"]
[Site "Arad"]
[Date "2018.08.09"]
[Round "6"]
[White "Daianu, Cristian-Clement"]
[Black "Farkas, Gabor"]
[Result "0-1"]
[WhiteElo "2166"]
[BlackElo "2366"]
[Annotator "NA"]
[PlyCount "84"]
[EventDate "2018.08.05"]
[EventType "swiss"]
[EventCountry "ROU"]
[SourceTitle "playchess.com"]
[Source "ChessBase"]
[SourceQuality "1"]
[TimeControl "40/5400+30:1800+30"]

1. e4 {[%emt 0:00:00]} e5 {[%emt 0:00:00]} 2. Nf3 {[%emt 0:00:00]} Nc6 {[%emt 0:00:00]} 3. Bc4 {[%emt 0:00:00]} Bc5 {[%emt 0:00:00]} 4. O-O {[%emt 0:02:02]} Nf6 {[%emt 0:00:24]} 5. d3 {[%emt 0:04:25]} O-O {[%emt 0:03:46]} 6. c3 {[%emt 0:01:03]} d5 {[%emt 0:05:40]} 7. exd5 {[%emt 0:00:41]} Nxd5 {[%emt 0:00:08]} 8. h3 {[%emt 0:04:47]} Nb6 {[%emt 0:08:02]} 9. Bb3 {[%emt 0:07:46]} Bf5 {[%emt 0:01:08]} 10. Bc2 {[%emt 0:21:46]} a5 {[%emt 0:05:24]} 11. Qe2 {[%emt 0:12:04]} Re8 {[%emt 0:04:43]} 12. Nbd2 {[%emt 0:00:35]} h6 {[%emt 0:01:45]} 13. Ne4 {[%emt 0:01:28]} Bf8 {[%emt 0:00:45]} 14. a4 {[%emt 0:08:04]} Nd5 {[%emt 0:03:24]} 15. Re1 {[%emt 0:01:43]} Bg6 {[%emt 0:05:37]} 16. Bb3 {[%emt 0:08:21]} Kh8 {[%emt 0:00:31]} 17. Ng3 {[%emt 0:08:40]} Nb6 {[%emt 0:14:42]} 18. Rd1 {[%emt 0:05:42]} f5 {[%emt 0:02:57]} 19. Qf1 {[%emt 0:03:04]} Qf6 {[%emt 0:01:30]} 20. d4 {[%emt 0:03:54]} e4 {[%emt 0:03:14]} 21. Ne5 {[%emt 0:00:11]} Nxe5 {[%emt 0:02:23]} 22. dxe5 {[%emt 0:00:02]} Qxe5 {[%emt 0:00:54]} 23. Ne2 {[%emt 0:00:23]} Qf6 {[%emt 0:02:52]} 24. Be3 {[%emt 0:02:14]} c5 {[%emt 0:07:22]} 25. Nf4 {[%emt 0:00:37]} Re5 {[%emt 0:04:06]} 26. Qb5 {[%emt 0:01:17]} Be8 {[%emt 0:00:18]} 27. Qe2 {[%emt 0:01:29]} g5 {[%emt 0:00:22]} 28. Nd5 {[%emt 0:00:22]} Nxd5 {[%emt 0:00:23]} 29. Rxd5 {[%emt 0:00:05]} Bd6 {[%emt 0:09:42]} 30. Rad1 {[%emt 0:00:34]} Rxd5 {[%emt 0:01:01]} 31. Rxd5 {[%emt 0:00:04]} Bc6 {[%emt 0:00:32]} 32. Bxg5 {[%emt 0:02:02]} hxg5 {[%emt 0:05:30]} 33. Qh5+ {[%emt 0:00:04]} Kg7 {[%emt 0:00:07]} 34. Rxd6 {[%emt 0:00:04]} Qxd6 {[%emt 0:00:04]} 35. Qxg5+ {[%emt 0:00:09]} Kh7 {[%emt 0:00:49]} 36. Qh4+ {[%emt 0:01:31]} Kg6 {[%emt 0:00:58]} 37. g4 {[%emt 0:00:18]} fxg4 {[%emt 0:01:27]} 38. Qxg4+ {[%emt 0:00:49]} Kh7 {[%emt 0:00:56]} 39. Be6 {[%emt 0:00:11]} Qe7 {[%emt 0:03:27]} 40. Bf5+ {[%emt 0:00:00]} Kh8 {[%emt 0:00:00]} 41. Qh5+ {[%emt 0:13:55]} Kg8 {[%emt 0:16:23]} 42. Kf1 {[%emt 0:06:56]} Re8 {[%emt 0:01:25]} 0-1

[Event "11th Arad Open 2018"]
[Site "Arad"]
[Date "2018.08.09"]
[Round "6"]
[White "Ursan, Petru-Sebastian"]
[Black "Dobre, Claudiu-Cristian"]
[Result "1/2-1/2"]
[WhiteElo "2147"]
[BlackElo "2356"]
[Annotator "NA"]
[PlyCount "51"]
[EventDate "2018.08.05"]
[EventType "swiss"]
[EventCountry "ROU"]
[SourceTitle "playchess.com"]
[Source "ChessBase"]
[SourceQuality "1"]
[TimeControl "40/5400+30:1800+30"]

1. c4 {[%emt 0:00:00]} Nf6 {[%emt 0:00:00]} 2. Nf3 {[%emt 0:00:32]} c6 {[%emt 0:00:00]} 3. g3 {[%emt 0:00:14]} d5 {[%emt 0:00:00]} 4. Bg2 {[%emt 0:00:19]} Bf5 {[%emt 0:00:21]} 5. cxd5 {[%emt 0:00:40]} cxd5 {[%emt 0:01:42]} 6. Qb3 {[%emt 0:00:20]} Qd7 {[%emt 0:16:30]} 7. O-O {[%emt 0:09:33]} Nc6 {[%emt 0:00:59]} 8. d4 {[%emt 0:00:47]} e6 {[%emt 0:06:19]} 9. Bf4 {[%emt 0:12:16]} Be7 {[%emt 0:04:38]} 10. Nc3 {[%emt 0:00:25]} h6 {[%emt 0:00:24]} 11. Ne5 {[%emt 0:02:42]} Qc8 {[%emt 0:02:13]} 12. Rfc1 {[%emt 0:04:26]} Nxd4 {[%emt 0:12:39]} 13. Qa4+ {[%emt 0:00:21]} Nc6 {[%emt 0:00:05]} 14. e4 {[%emt 0:00:32]} dxe4 {[%emt 0:04:58]} 15. Nxe4 {[%emt 0:00:40]} Bxe4 {[%emt 0:03:13]} 16. Bxe4 {[%emt 0:00:09]} Nxe4 {[%emt 0:00:05]} 17. Qxe4 {[%emt 0:01:21]} O-O {[%emt 0:01:00]} 18. Nxc6 {[%emt 0:00:20]} bxc6 {[%emt 0:00:06]} 19. Rxc6 Qb7 {[%emt 0:12:04]} 20. b3 {[%emt 0:03:43]} Bf6 {[%emt 0:08:08]} 21. Rac1 {[%emt 0:04:09]} Rfe8 {[%emt 0:12:19]} 22. R1c4 {[%emt 0:10:50]} Qb5 {[%emt 0:11:35]} 23. R4c5 {[%emt 0:00:50]} Qb7 {[%emt 0:00:05]} 24. Rc4 {[%emt 0:07:10]} Qb5 {[%emt 0:00:07]} 25. R4c5 {[%emt 0:04:51]} Qb7 {[%emt 0:00:04]} 26. Rc4 {[%emt 0:00:59]} 1/2-1/2

[Event "11th Arad Open 2018"]
[Site "Arad"]
[Date "2018.08.09"]
[Round "6"]
[White "Geher, Koppany"]
[Black "Posedaru, Bogdan"]
[Result "1/2-1/2"]
[WhiteElo "2137"]
[BlackElo "2326"]
[Annotator "NA"]
[PlyCount "61"]
[EventDate "2018.08.05"]
[EventType "swiss"]
[EventCountry "ROU"]
[SourceTitle "playchess.com"]
[Source "ChessBase"]
[SourceQuality "1"]
[TimeControl "40/5400+30:1800+30"]

1. e4 {[%emt 0:00:00]} c5 {[%emt 0:00:00]} 2. Nf3 {[%emt 0:00:00]} Nc6 {[%emt 0:00:00]} 3. d4 {[%emt 0:00:00]} cxd4 {[%emt 0:00:00]} 4. Nxd4 {[%emt 0:00:00]} e5 {[%emt 0:00:00]} 5. Nb5 {[%emt 0:00:15]} d6 {[%emt 0:00:00]} 6. N1c3 {[%emt 0:00:43]} a6 {[%emt 0:00:00]} 7. Na3 {[%emt 0:00:07]} Be7 {[%emt 0:00:00]} 8. Be3 {[%emt 0:02:42]} b5 {[%emt 0:09:05]} 9. Nd5 {[%emt 0:00:11]} Rb8 {[%emt 0:00:04]} 10. c4 {[%emt 0:04:50]} b4 {[%emt 0:00:06]} 11. Nc2 {[%emt 0:00:06]} Nf6 {[%emt 0:00:10]} 12. Nxf6+ {[%emt 0:14:20]} Bxf6 {[%emt 0:00:27]} 13. b3 {[%emt 0:02:47]} O-O {[%emt 0:00:11]} 14. g3 {[%emt 0:00:15]} Bg5 {[%emt 0:00:51]} 15. Bg2 {[%emt 0:01:33]} Bxe3 {[%emt 0:03:43]} 16. Nxe3 {[%emt 0:00:17]} Nd4 {[%emt 0:08:25]} 17. O-O {[%emt 0:01:23]} Qb6 {[%emt 0:03:23]} 18. Kh1 {[%emt 0:03:18]} Bb7 {[%emt 0:03:09]} 19. Nc2 {[%emt 0:04:37]} Ne6 {[%emt 0:04:07]} 20. Qd2 {[%emt 0:05:59]} a5 {[%emt 0:00:26]} 21. Rad1 {[%emt 0:07:36]} Rfd8 {[%emt 0:04:07]} 22. f4 {[%emt 0:01:55]} Nc5 {[%emt 0:08:46]} 23. Qe3 {[%emt 0:13:34]} Bc6 {[%emt 0:06:30]} 24. Rd2 {[%emt 0:04:06]} Nxe4 {[%emt 0:11:30]} 25. Bxe4 {[%emt 0:06:12]} Qxe3 {[%emt 0:00:04]} 26. Nxe3 {[%emt 0:00:04]} Bxe4+ {[%emt 0:00:04]} 27. Kg1 {[%emt 0:00:01]} Kf8 {[%emt 0:00:13]} 28. Rfd1 {[%emt 0:02:55]} Bf3 {[%emt 0:00:31]} 29. Rf1 {[%emt 0:00:29]} Be4 {[%emt 0:01:10]} 30. Rfd1 {[%emt 0:00:05]} Bf3 {[%emt 0:02:33]} 31. Rf1 {[%emt 0:00:02]} 1/2-1/2

[Event "11th Arad Open 2018"]
[Site "Arad"]
[Date "2018.08.09"]
[Round "6"]
[White "Miloi, Pavel-Dan"]
[Black "Velickovic, Sasa"]
[Result "0-1"]
[WhiteElo "2047"]
[BlackElo "2290"]
[Annotator "NA"]
[PlyCount "114"]
[EventDate "2018.08.05"]
[EventType "swiss"]
[EventCountry "ROU"]
[SourceTitle "playchess.com"]
[Source "ChessBase"]
[SourceQuality "1"]
[TimeControl "40/5400+30:1800+30"]

1. d4 {[%emt 0:00:00]} Nf6 {[%emt 0:00:00]} 2. Nf3 {[%emt 0:00:00]} c5 {[%emt 0:00:26]} 3. d5 {[%emt 0:00:00]} g6 {[%emt 0:00:27]} 4. c4 {[%emt 0:01:13]} d6 {[%emt 0:00:11]} 5. Nc3 {[%emt 0:00:40]} Bg7 {[%emt 0:00:09]} 6. g3 {[%emt 0:01:21]} O-O {[%emt 0:00:14]} 7. Bg2 {[%emt 0:00:16]} e6 {[%emt 0:00:34]} 8. O-O {[%emt 0:02:29]} exd5 {[%emt 0:00:08]} 9. cxd5 {[%emt 0:01:06]} a6 {[%emt 0:00:30]} 10. a4 {[%emt 0:00:05]} Nbd7 {[%emt 0:01:19]} 11. Bf4 {[%emt 0:02:58]} Qe7 {[%emt 0:03:21]} 12. a5 {[%emt 0:03:55]} h6 {[%emt 0:01:57]} 13. h4 {[%emt 0:02:18]} Nh5 {[%emt 0:06:09]} 14. Bd2 {[%emt 0:01:59]} f5 {[%emt 0:02:02]} 15. Qc1 {[%emt 0:04:46]} Kh7 {[%emt 0:02:18]} 16. e4 {[%emt 0:08:09]} Ndf6 {[%emt 0:08:15]} 17. Re1 {[%emt 0:07:12]} fxe4 {[%emt 0:09:05]} 18. Nxe4 {[%emt 0:04:11]} Qd8 {[%emt 0:03:31]} 19. Nxf6+ {[%emt 0:10:16]} Nxf6 {[%emt 0:00:08]} 20. Qc4 {[%emt 0:00:32]} Bd7 {[%emt 0:04:25]} 21. Ra3 {[%emt 0:07:18]} Rf7 {[%emt 0:08:00]} 22. Rae3 {[%emt 0:08:00]} Qf8 {[%emt 0:02:50]} 23. Qb3 {[%emt 0:02:31]} Ng4 {[%emt 0:08:35]} 24. R3e2 {[%emt 0:01:13]} Bf5 {[%emt 0:20:37]} 25. Bf4 {[%emt 0:05:03]} Rd8 {[%emt 0:01:23]} 26. h5 {[%emt 0:04:19]} gxh5 {[%emt 0:01:21]} 27. Nh4 {[%emt 0:00:42]} Kh8 {[%emt 0:00:13]} 28. Be4 {[%emt 0:04:02]} Bxe4 {[%emt 0:00:05]} 29. Rxe4 {[%emt 0:00:07]} Rf6 {[%emt 0:00:02]} 30. Qxb7 {[%emt 0:02:00]} Qg8 {[%emt 0:04:28]} 31. Qc6 {[%emt 0:06:25]} Qh7 {[%emt 0:02:16]} 32. Re8+ {[%emt 0:00:48]} Rxe8 {[%emt 0:07:51]} 33. Qxe8+ {[%emt 0:01:16]} Bf8 {[%emt 0:00:05]} 34. Qxh5 {[%emt 0:02:02]} Qg8 {[%emt 0:01:09]} 35. Re8 {[%emt 0:03:33]} Kh7 {[%emt 0:00:50]} 36. Nf3 {[%emt 0:02:43]} Rxf4 {[%emt 0:01:50]} 37. Ng5+ {[%emt 0:01:02]} Qxg5 {[%emt 0:00:11]} 38. Qxg5 {[%emt 0:00:05]} hxg5 {[%emt 0:00:04]} 39. gxf4 {[%emt 0:00:07]} Bg7 {[%emt 0:00:15]} 40. b3 {[%emt 0:00:00]} gxf4 {[%emt 0:00:00]} 41. Kg2 {[%emt 0:19:16]} Bc3 {[%emt 0:23:02]} 42. Ra8 {[%emt 0:01:09]} Bxa5 {[%emt 0:00:06]} 43. Rxa6 {[%emt 0:00:06]} Bc3 {[%emt 0:01:25]} 44. Rxd6 {[%emt 0:01:37]} Ne5 {[%emt 0:00:04]} 45. Rd8 {[%emt 0:03:47]} Kg6 {[%emt 0:03:44]} 46. d6 {[%emt 0:00:58]} Kf7 {[%emt 0:01:32]} 47. f3 {[%emt 0:06:38]} Ke6 {[%emt 0:01:17]} 48. Rf8 {[%emt 0:01:48]} Bd2 {[%emt 0:00:36]} 49. Kf2 {[%emt 0:00:25]} Kxd6 {[%emt 0:00:23]} 50. Ke2 {[%emt 0:00:19]} Be3 {[%emt 0:00:06]} 51. Rb8 {[%emt 0:01:01]} Nc6 {[%emt 0:00:18]} 52. Rf8 {[%emt 0:01:39]} Nd4+ {[%emt 0:00:21]} 53. Kd3 {[%emt 0:00:01]} Nxb3 {[%emt 0:00:46]} 54. Rf6+ {[%emt 0:00:56]} Kd5 {[%emt 0:00:49]} 55. Rf5+ {[%emt 0:00:06]} Kc6 {[%emt 0:00:07]} 56. Kc4 {[%emt 0:00:58]} Nd2+ {[%emt 0:00:13]} 57. Kc3 {[%emt 0:00:01]} Nxf3 {[%emt 0:00:14]} 0-1

[Event "11th Arad Open 2018"]
[Site "Arad"]
[Date "2018.08.09"]
[Round "6"]
[White "Magold, Victor"]
[Black "Banzea, Alexandru-Bogdan"]
[Result "0-1"]
[WhiteElo "2032"]
[BlackElo "2313"]
[Annotator "NA"]
[PlyCount "44"]
[EventDate "2018.08.05"]
[EventType "swiss"]
[EventCountry "ROU"]
[SourceTitle "playchess.com"]
[Source "ChessBase"]
[SourceQuality "1"]
[TimeControl "40/5400+30:1800+30"]

1. c4 {[%emt 0:00:00]} Nf6 {[%emt 0:00:59]} 2. g3 {[%emt 0:00:00]} g6 {[%emt 0:01:46]} 3. Bg2 {[%emt 0:00:00]} Bg7 {[%emt 0:00:08]} 4. Nf3 {[%emt 0:00:01]} O-O {[%emt 0:00:31]} 5. O-O {[%emt 0:00:04]} d6 {[%emt 0:00:07]} 6. Nc3 {[%emt 0:01:34]} e5 {[%emt 0:00:15]} 7. d4 {[%emt 0:00:43]} Nbd7 {[%emt 0:00:19]} 8. dxe5 {[%emt 0:00:14]} dxe5 {[%emt 0:00:33]} 9. Qc2 {[%emt 0:00:53]} c6 {[%emt 0:00:28]} 10. Rd1 {[%emt 0:03:00]} Qe7 {[%emt 0:01:00]} 11. Bg5 {[%emt 0:02:03]} h6 {[%emt 0:00:26]} 12. Bxf6 {[%emt 0:00:05]} Nxf6 {[%emt 0:00:25]} 13. e3 {[%emt 0:02:19]} Bf5 {[%emt 0:02:28]} 14. Qe2 {[%emt 0:01:18]} e4 {[%emt 0:00:53]} 15. Nd4 {[%emt 0:00:15]} Bg4 {[%emt 0:00:06]} 16. f3 {[%emt 0:00:03]} exf3 {[%emt 0:00:10]} 17. Bxf3 {[%emt 0:00:04]} Bxf3 {[%emt 0:00:59]} 18. Qxf3 {[%emt 0:00:04]} Rfe8 {[%emt 0:01:01]} 19. Re1 {[%emt 0:00:05]} h5 {[%emt 0:00:56]} 20. Re2 {[%emt 0:03:30]} Ng4 {[%emt 0:01:01]} 21. Rae1 {[%emt 0:01:02]} Ne5 {[%emt 0:01:01]} 22. Qf4 {[%emt 0:01:16]} Nd3 {[%emt 0:00:22]} 0-1

[Event "11th Arad Open 2018"]
[Site "Arad"]
[Date "2018.08.09"]
[Round "6"]
[White "Stepanencu, Nicodim-Cosmin"]
[Black "Cerovic, Danilo"]
[Result "1/2-1/2"]
[WhiteElo "2022"]
[BlackElo "2320"]
[Annotator "NA"]
[PlyCount "64"]
[EventDate "2018.08.05"]
[EventType "swiss"]
[EventCountry "ROU"]
[SourceTitle "playchess.com"]
[Source "ChessBase"]
[SourceQuality "1"]
[TimeControl "40/5400+30:1800+30"]

1. Nf3 {[%emt 0:00:00]} d5 {[%emt 0:00:00]} 2. c4 {[%emt 0:00:00]} d4 {[%emt 0:00:02]} 3. e3 {[%emt 0:00:00]} Nc6 {[%emt 0:00:08]} 4. b4 {[%emt 0:03:45]} Bg4 {[%emt 0:16:45]} 5. Qa4 {[%emt 0:30:00]} Qd7 {[%emt 0:03:33]} 6. Nxd4 {[%emt 0:03:03]} Nxd4 {[%emt 0:03:50]} 7. Qxd7+ {[%emt 0:00:15]} Bxd7 {[%emt 0:00:01]} 8. exd4 {[%emt 0:00:09]} g6 {[%emt 0:00:02]} 9. Bb2 {[%emt 0:09:39]} Bg7 {[%emt 0:00:05]} 10. d3 {[%emt 0:00:29]} Nh6 {[%emt 0:01:52]} 11. Nd2 {[%emt 0:01:50]} b6 {[%emt 0:05:08]} 12. Be2 {[%emt 0:14:31]} Nf5 {[%emt 0:08:07]} 13. Nb3 {[%emt 0:06:18]} Bc6 {[%emt 0:04:54]} 14. Bg4 {[%emt 0:12:57]} Bxg2 {[%emt 0:08:37]} 15. Rg1 {[%emt 0:00:01]} Nh4 {[%emt 0:00:01]} 16. O-O-O {[%emt 0:00:37]} Bf3 {[%emt 0:02:18]} 17. Bxf3 {[%emt 0:01:57]} Nxf3 {[%emt 0:00:08]} 18. Rg3 {[%emt 0:00:04]} Nh4 {[%emt 0:00:45]} 19. d5 {[%emt 0:01:10]} Bxb2+ {[%emt 0:00:04]} 20. Kxb2 {[%emt 0:00:02]} Nf5 {[%emt 0:00:43]} 21. Rg4 {[%emt 0:00:18]} O-O-O {[%emt 0:06:24]} 22. Kc3 {[%emt 0:01:57]} Rd6 {[%emt 0:00:56]} 23. Nd2 {[%emt 0:02:47]} Rf8 {[%emt 0:04:09]} 24. Re1 {[%emt 0:00:42]} Rdd8 {[%emt 0:02:26]} 25. Nf3 {[%emt 0:00:48]} Rd6 {[%emt 0:07:36]} 26. Ng5 {[%emt 0:04:26]} h6 {[%emt 0:01:30]} 27. Ne4 {[%emt 0:00:09]} Rdd8 {[%emt 0:00:58]} 28. Ng3 {[%emt 0:01:05]} Nxg3 {[%emt 0:01:31]} 29. fxg3 {[%emt 0:00:16]} Kd7 {[%emt 0:00:58]} 30. Rge4 {[%emt 0:00:28]} Rde8 {[%emt 0:00:08]} 31. Rf1 {[%emt 0:01:41]} e6 {[%emt 0:07:42]} 32. Rf6 {[%emt 0:00:38]} Ke7 {[%emt 0:02:08]} 1/2-1/2

[Event "11th Arad Open 2018"]
[Site "Arad"]
[Date "2018.08.09"]
[Round "6"]
[White "Albu, George"]
[Black "Terbe, Julianna"]
[Result "0-1"]
[WhiteElo "2016"]
[BlackElo "2234"]
[Annotator "NA"]
[PlyCount "104"]
[EventDate "2018.08.05"]
[EventType "swiss"]
[EventCountry "ROU"]
[SourceTitle "playchess.com"]
[Source "ChessBase"]
[SourceQuality "1"]
[TimeControl "40/5400+30:1800+30"]

1. d4 d5 2. c4 c6 3. Nf3 Nf6 4. Nc3 dxc4 5. e4 b5 6. e5 Nd5 7. a4 e6 8. Be2 Bb7 9. O-O Nxc3 10. bxc3 Be7 11. Rb1 Qd7 12. Bg5 a6 13. Qd2 h6 14. Bxe7 Qxe7 15. Qb2 Ra7 16. Bxc4 Nd7 17. Bd3 O-O 18. Nd2 Nb6 19. Bc2 Nd5 20. g3 c5 21. Ne4 cxd4 22. cxd4 bxa4 23. Nc5 Bc6 24. Ra1 Qc7 25. Rfb1 a5 26. Bxa4 Nb4 27. Qa3 Rd8 28. Qc3 Ba8 29. Rc1 Qe7 30. Bc2 Nxc2 31. Rxc2 Qc7 32. Ra3 Qc6 33. f3 Qd5 34. Rd2 Rb8 35. Rd1 Rb4 36. Ne4 Rc4 37. Qd2 Bc6 38. Rc3 Rxc3 39. Qxc3 a4 40. Ra1 a3 41. Kf2 a2 42. Nd2 Ra3 43. Qb2 Bb5 44. h4 Bc6 45. Rc1 Qa5 46. Ra1 Bd5 47. h5 Qa7 48. Ke2 Qa6+ 49. Kf2 Qd3 50. Rc1 a1=Q 51. Rxa1 Rxa1 52. Qxa1 Qxd2+ 0-1

[Event "11th Arad Open 2018"]
[Site "Arad"]
[Date "2018.08.10"]
[Round "7"]
[White "Mastrovasilis, Dimitrios"]
[Black "Stany, G A"]
[Result "1-0"]
[WhiteElo "2586"]
[BlackElo "2494"]
[Annotator "TA"]
[PlyCount "47"]
[EventDate "2018.08.05"]
[EventType "swiss"]
[EventCountry "ROU"]
[SourceTitle "playchess.com"]
[Source "ChessBase"]
[SourceQuality "1"]

{[%evp 22,47,11,16,15,16,10,13,12,13,16,9,8,12,33,16,62,62,66,66,57,42,42,42,42,42,357,358]} 1. e4 e5 2. Nf3 Nc6 3. d4 exd4 4. Nxd4 Nf6 5. Nxc6 bxc6 6. Bd3 d5 7. Qe2 dxe4 {C45: Scotch Game} 8. Nc3 (8. Bxe4 Nxe4 9. Qxe4+ Qe7 10. Qxe7+ Bxe7 11. Bf4 Bf5 12. Bxc7 Bxc2 13. Nc3 O-O 14. Rc1 Bf5 15. O-O {½-½ (43) Nepomniachtchi,I (2751)-Anand,V (2783) Saint Louis 2017}) 8... Bb4 9. Bxe4 Bxc3+ 10. bxc3 Nxe4 11. Qxe4+ Qe7 12. Qxe7+ {LiveBook: 5 Games} Kxe7 13. Bf4 Rb8 14. O-O-O Rb7 15. Rd4 $146 ({Predecessor:} 15. Rhe1+) 15... Be6 16. Re1 Rhb8 17. Kd2 Kf8 18. Ra4 Bf5 19. c4 Rb2 20. Rc1 $36 {[%mdl 2048] White is pushing.} R8b4 21. Ra5 Rxc2+ $1 22. Rxc2 Bxc2 23. Be3 Rxc4 $2 {[%mdl 8192] [#]} ({Better is} 23... Ra4 $1 $14 24. Rxa4 (24. Rxa7 Rxc4 25. Rxc7 Be4 $11) 24... Bxa4) 24. Rc5 {Precision: White = 97%, Black = 55%.} 1-0

[Event "11th Arad Open 2018"]
[Site "Arad"]
[Date "2018.08.10"]
[Round "7"]
[White "Vajda, Levente"]
[Black "Deepan Chakkravarthy J"]
[Result "1/2-1/2"]
[WhiteElo "2558"]
[BlackElo "2530"]
[Annotator "ChessBase"]
[PlyCount "88"]
[EventDate "2018.08.05"]
[EventType "swiss"]
[EventCountry "ROU"]
[SourceTitle "playchess.com"]
[Source "ChessBase"]
[SourceQuality "1"]
[TimeControl "40/5400+30:1800+30"]

1. e4 {[%emt 0:00:00]} c5 {[%emt 0:00:00]} 2. c3 {[%emt 0:00:00]} Nf6 {[%emt 0:00:19]} 3. e5 {[%emt 0:00:00]} Nd5 {[%emt 0:00:04]} 4. d4 {[%emt 0:00:17]} cxd4 {[%emt 0:00:08]} 5. Nf3 {[%emt 0:00:19]} Nc6 {[%emt 0:00:08]} 6. cxd4 {[%emt 0:00:14]} d6 {[%emt 0:00:21]} 7. Bc4 {[%emt 0:00:46]} e6 {[%emt 0:01:07]} 8. O-O {[%emt 0:00:06]} Be7 {[%emt 0:00:05]} 9. Qe2 {[%emt 0:00:06]} O-O {[%emt 0:00:09]} 10. Nc3 {[%emt 0:00:05]} dxe5 {[%emt 0:00:22]} 11. dxe5 {[%emt 0:00:05]} Nxc3 {[%emt 0:00:04]} 12. bxc3 {[%emt 0:00:05]} Qa5 {[%emt 0:00:34]} 13. Bd2 {[%emt 0:00:57]} Rd8 {[%emt 0:00:12]} 14. Rfe1 {[%emt 0:00:05]} Bd7 {[%emt 0:03:24]} 15. Bb3 {[%emt 0:06:14]} Be8 {[%emt 0:18:41]} 16. h4 {[%emt 0:00:12]} Qa6 {[%emt 0:05:20]} 17. Qxa6 {[%emt 0:04:26]} bxa6 {[%emt 0:00:13]} 18. Bc4 {[%emt 0:00:10]} a5 {[%emt 0:01:15]} 19. h5 {[%emt 0:00:25]} h6 {[%emt 0:00:10]} 20. a4 {[%emt 0:00:19]} Bc5 {[%emt 0:04:01]} 21. Be3 {[%emt 0:00:27]} Bxe3 {[%emt 0:00:38]} 22. Rxe3 {[%emt 0:00:14]} Rab8 {[%emt 0:00:08]} 23. Bb5 {[%emt 0:03:36]} Kf8 {[%emt 0:00:30]} 24. Re4 {[%emt 0:02:18]} Rb6 {[%emt 0:03:30]} 25. c4 {[%emt 0:05:48]} a6 {[%emt 0:00:42]} 26. Bxc6 {[%emt 0:08:44]} Bxc6 {[%emt 0:04:15]} 27. Rf4 {[%emt 0:00:03]} Rb4 {[%emt 0:13:12]} 28. Nd4 {[%emt 0:02:21]} Bd7 {[%emt 0:00:01]} 29. Nc2 {[%emt 0:19:53]} Rb2 {[%emt 0:03:26]} 30. Ne3 {[%emt 0:01:39]} Rdb8 {[%emt 0:00:52]} 31. Kh2 {[%emt 0:01:19]} R8b4 {[%emt 0:01:57]} 32. Rd1 {[%emt 0:01:09]} Bxa4 {[%emt 0:07:11]} 33. Rd8+ {[%emt 0:04:51]} Be8 {[%emt 0:00:03]} 34. Ra8 {[%emt 0:00:11]} a4 {[%emt 0:01:07]} 35. Rxa6 {[%emt 0:02:32]} Rd2 {[%emt 0:03:54]} 36. Ra7 {[%emt 0:05:35]} Rd7 {[%emt 0:20:00]} 37. Ra8 {[%emt 0:01:54]} Rc7 {[%emt 0:01:19]} 38. Rd4 {[%emt 0:04:05]} Ke7 {[%emt 0:00:12]} 39. Rd6 {[%emt 0:11:37]} Rbb7 {[%emt 0:00:22]} 40. Rda6 {[%emt 0:00:00]} Bc6 {[%emt 0:00:00]} 41. Nc2 {[%emt 0:27:45]} Rb2 {[%emt 0:25:54]} 42. R8a7 {[%emt 0:00:25]} Rd7 {[%emt 0:07:22]} 43. Nd4 {[%emt 0:07:43]} Bb7 {[%emt 0:00:09]} 44. c5 {[%emt 0:00:09]} Rxd4 1/2-1/2